000 00318nam a22001337a 4500
008 181204b xxu||||| |||| 00| 0 eng d
020 _a9780071496131
041 _aeng
080 _a610
100 _a4
101 _aSHM
245 _aSymptom To Diagnosis An Evidence Based Guide
_cStern.S.D
942 _2udc
_cBK
999 _c52776
_d52776